| 000 | 00958cam a2200229 4500 | ||
|---|---|---|---|
| 001 | WB4006-04 | ||
| 008 | 040212n2004 000 0 eng u | ||
| 035 | _a(Sirsi) u125143 | ||
| 245 | _aSupermarket sites under review | ||
| 260 | _c2004 | ||
| 490 | _aMayor of London Draft Best Practice Guidance | ||
| 520 | _aThe Greater London Authority has issued a draft best practice guidance document for consultation to encourage development and redevelopment of supermarkets and their car parks, in ways to enhance London's retail market and increase housing provision. Responses should be in by 16 April 2004. Copies of the consultation document can be found at http://www.london.gov.uk/mayor/strategies/sds/supe rmarket_sites.jsp | ||
| 590 | _aWB | ||
| 590 | _aWB | ||
| 650 | _aSUPERMARKETS | ||
| 650 | _aLONDON PLAN | ||
| 650 | _aCAR PARKS | ||
| 650 | _aREDEVELOPMENT | ||
| 650 | _aCONSULTATION DOCUMENTS | ||
| 690 | _aDEVELOPMENT | ||
| 942 | _n0 | ||
| 999 |
_c117023 _d117023 |
||